<?xml version="1.0" encoding="UTF-8"?>
<collection xmlns="http://www.loc.gov/MARC21/slim">
    <record>
        <controlfield tag="001">67242</controlfield>
        <controlfield tag="005">20180223094834.0</controlfield>
        <datafield tag="037" ind1=" " ind2=" ">
            <subfield code="a">GDOC-2016-29014</subfield>
        </datafield>
        <datafield tag="041" ind1=" " ind2=" ">
            <subfield code="a">spa</subfield>
        </datafield>
        <datafield tag="100" ind1=" " ind2=" ">
            <subfield code="0">(orcid)0000-0001-7443-5064</subfield>
            <subfield code="1">127011</subfield>
            <subfield code="a">Solans Latre, Miguel Ángel</subfield>
        </datafield>
        <datafield tag="245" ind1="0" ind2="0">
            <subfield code="9">29014</subfield>
            <subfield code="a">Régimen jurídico del empleo público</subfield>
        </datafield>
        <datafield tag="260" ind1=" " ind2=" ">
            <subfield code="a">Zaragoza</subfield>
            <subfield code="b">Universidad de Zaragoza</subfield>
            <subfield code="c">2016-2017</subfield>
        </datafield>
        <datafield tag="520" ind1=" " ind2=" ">
            <subfield code="a">Breve presentación de la asignatura
La asignatura “Régimen jurídico del empleo público” se imparte con carácter anual en el tercer curso del Grado en Gestión y Administración Pública. Es de formación básica y obligatoria y tiene una asignación de 12 ECTS.
La asignatura consta de dos partes claramente diferenciadas. La primera,  bajo  el  título  “El  empleo público y la  función pública”, está dedicada tanto al examen del régimen jurídico común previsto para  todos los  empleados  públicos (clases de empleados, técnicas de ordenación del personal, acceso al empleo público, deberes e incompatibilidades), como, muy especialmente, al régimen jurídico  específico de los que de ellos son  funcionarios públicos (la carrera administrativa, las situaciones y la extinción de la relación de servicios, los derechos individuales y el régimen disciplinario y de responsabilidad). La segunda parte, bajo el título “Los derechos  sindicales de los empleados  públicos”, se centra en el estudio de los derechos colectivos laborales de todos los empleados al servicio de las Administraciones Públicas, en concreto de la  libertad  sindical, la  representación  colectiva, el  derecho a la negociación colectiva, la  acción institucional, los conflictos colectivos y la huelga.</subfield>
            <subfield code="b"> </subfield>
        </datafield>
        <datafield tag="521" ind1=" " ind2=" ">
            <subfield code="9">136</subfield>
            <subfield code="a">Gestión y Administración Pública</subfield>
        </datafield>
        <datafield tag="540" ind1=" " ind2=" ">
            <subfield code="a">by-nc-sa</subfield>
            <subfield code="b">Creative Commons</subfield>
            <subfield code="c">3.0</subfield>
            <subfield code="u">http://creativecommons.org/licenses/by-nc-sa/3.0/</subfield>
        </datafield>
        <datafield tag="830" ind1=" " ind2=" ">
            <subfield code="9">429</subfield>
        </datafield>
        <datafield tag="856" ind1="4" ind2=" ">
            <subfield code="s">11465</subfield>
            <subfield code="u">http://zaguan.unizar.es/record/67242/files/guia-29014-en.pdf</subfield>
            <subfield code="y">Guide (english)</subfield>
        </datafield>
        <datafield tag="856" ind1="4" ind2=" ">
            <subfield code="s">19056</subfield>
            <subfield code="u">http://zaguan.unizar.es/record/67242/files/guia-29014-es.pdf</subfield>
            <subfield code="y">Guía (idioma español)</subfield>
        </datafield>
        <datafield tag="970" ind1=" " ind2=" ">
            <subfield code="a">GDOC-2016-29014</subfield>
        </datafield>
        <datafield tag="980" ind1=" " ind2=" ">
            <subfield code="a">GDOC</subfield>
            <subfield code="b">Ciencias sociales y jurídicas</subfield>
            <subfield code="c">228</subfield>
        </datafield>
    </record>

    
</collection>